Statistics for Infinity War superheroes and super villains

Click here to take the quiz!

General Stats

  • This quiz has been taken 44 times
  • The average score is 14 of 19

Answer Stats

start of name superhero/villain % Correct
IMiron man
95%
Ccaptain america
92%
Hhulk
92%
Tthanos
89%
GGamora
81%
TThor
81%
DDrax
81%
SLstar lord
81%
DSdoctor strange
81%
SWScarlet witch
78%
GGroot
76%
VVision
76%
BPBlack Panther
73%
BWBlack Widow
70%
LLoki
68%
WMWar Machine
65%
RRRocket Raccoon
62%
SSpiderman
59%
EEbony
32%

Score Distribution

Percentile by Number Answered

Percent of People with Each Score

Your Score History

You have not taken this quiz